| 000 | 01052nam0a22002651 4500 | ||
|---|---|---|---|
| 001 | rc\2923894 | ||
| 005 | 20250529225004.0 | ||
| 035 | _a(NLR Aleph) 007073858 | ||
| 090 |
_a6407746 _c6407746 |
||
| 100 | _a20110815d1939 |||y0rusy50 ca | ||
| 101 | 0 | _arus | |
| 102 | _aRU | ||
| 105 | _aa z ||||| | ||
| 200 | 1 |
_aВода как новый эпидемиологический фактор туляремии _fПетр Васильевич Сомов |
|
| 210 |
_aРостов н/Д _cРостиздат _d1939 |
||
| 215 |
_a32 с. _cил., диагр. _d28 см |
||
| 225 | 1 |
_aИзвестия Ростовского областного научно-исследовательского института микробиологии и эпидемиологии _vВып. 18 |
|
| 300 | _aРезюме на франц. яз. | ||
| 320 | _aБиблиогр.: с. 28-30 | ||
| 700 | 1 |
_aСомов _bП.В. _gПетр Васильевич |
|
| 801 | 0 |
_aRU _bNLR _gpsbo |
|
| 801 | 1 |
_aRU _bELAR _2rusmarc |
|
| 852 |
_aNLR _jП8/175 |
||
| 942 | _cBOOK | ||
| 980 | _aNB | ||